Statistics for Arctic Monkeys Lyrics - That's Where You're Wrong

Click here to take the quiz!

General Stats

  • This quiz has been taken 32 times
  • The average score is 155 of 195

Answer Stats

Lyrics% Correct
A
100%
a
100%
That
95%
that
95%
the
95%
to
95%
where
95%
wrong
95%
you
95%
And
91%
is
91%
it
91%
love
91%
me
91%
on
91%
at
86%
for,
86%
for
86%
if
86%
no
86%
of
86%
only
86%
She
86%
so
86%
That's
86%
You're
86%
you're
86%
as
82%
blowing
82%
Don't
82%
floor
82%
got
82%
hold
82%
kiss
82%
looks
82%
not
82%
one
82%
she's
82%
Sitting
82%
up
82%
with
82%
bundle
77%
honey
77%
in
77%
personally
77%
sky
77%
take
77%
tambourine
77%
can
73%
Crushing
73%
goes
73%
handles
73%
has
73%
Make
73%
scissor
73%
suddenly
73%
There
73%
understanding
73%
are
68%
pussyfooting
68%
time
68%
weighs
68%
wish
68%
by
64%
setting
64%
Jealousy
59%
name,
59%
Oh,
59%
oh-
59%
oh,
59%
oh
59%
sun
59%
tonne
59%
Fear
55%
old
55%
All
50%
flames
50%
numbers
50%
Street
45%
technicolour
45%
fastened
36%
lamp
36%
wanderlust
36%
amber,
32%
blunderbuss
32%
Powder
23%

Score Distribution

Percentile by Number Answered

Percent of People with Each Score

Your Score History

You have not taken this quiz